Представление документа в формате MARC21

ПолеНазваниеЗначение
  Тип записи a
  Библиографический уровень m
001 Контрольный номер RU/URAIT/598782
005 Дата корректировки 20260429163649.5
008 Кодируемые данные 260429s2026 RU y f j 000 0 rus u
020 Индекс ISBN __
a ISBN 978-5-534-05333-3
c Цена, тираж 1279.00
040 Источник каталогиз. __
a Служба первич. каталог. ИКО Юрайт
c Служба, преобразующая запись ИКО Юрайт
e Правила каталог. RCR
041 Код языка издания __
a Код языка текста rus
044 Код страны публикации __
a Код страны публикации RU
080 Индекс УДК __
a Индекс УДК 622(075.8)
084 Индекс другой классификации/Индекс ББК __
2 Источник индекса rubbk
a Индекс другой классификации/Индекс ББК 34.41я73
100 Автор __
a Автор Малинин Н. Н.
q Полное имя Малинин Николай Николаевич
245 Заглавие __
a Заглавие Прочность турбомашин
b Продолж. заглавия учебник для вузов
c Ответственность Н. Н. Малинин.
250 Сведения об издании __
g испр. и доп
a Основные сведения об издании 2-е изд.
256 Характеристики компьютерного файла __
a Характеристики компьютерного файла Электрон. дан.
260 Выходные данные __
a Место издания Москва
b Издательство Юрайт
c Дата издания 2026
300 Физическое описание __
a Объем 294 с
440 Серия __
a Серия Высшее образование
500 Примечания __
a Примечание URL: https://urait.ru/bcode/598782 (дата обращения: 29.04.2026).
520 Аннотация __
a Аннотация В учебном пособии изложены вопросы прочности турбомашин. Рассмотрены материалы, используемые в турбостроении, и их свойства. Даны теория, методы и примеры расчета на прочность рабочих лопаток, дисков, барабанов, валов, корпусов и диафрагм. Учебный материал четко систематизирован. Учебное пособие поможет научиться проектировать конструктивные формы основных деталей с учетом их износостойкости и улучшения прочностных характеристик.
538 Прим. о системных особенностях __
a Прим. о системных особенностях Режим доступа: Электронно-библиотечная система Юрайт, для авториз. пользователей
653 Ключевые слова __
a Ключевые слова Материаловедение
653 Ключевые слова __
a Ключевые слова Технические науки
653 Ключевые слова __
a Ключевые слова Теория пластичности и ползучести
653 Ключевые слова __
a Ключевые слова Конструкционная прочность
653 Ключевые слова __
a Ключевые слова Динамика и прочность ракетных двигателей
653 Ключевые слова __
a Ключевые слова Прочность конструкций
653 Ключевые слова __
a Ключевые слова Динамика и прочность турбомашин
653 Ключевые слова __
a Ключевые слова Основы теории пластичности и ползучести
653 Ключевые слова __
a Ключевые слова Прочность конструкции
653 Ключевые слова __
a Ключевые слова Турбины тепловых электрических станций
856 Электронный адрес документа 40
n Местонахождение сервера Юрайт
g Электронная книга
q Тип электронного формата html
h Имя пользователя ЮРАЙТ
v Часы доступа к ресурсу 20271231
2 Способ доступа Показать документ
x Служебное примечание https://urait.ru/book/cover/A1449363-72A3-439A-BA90-D9556B6B2474
u URL https://urait.ru/bcode/598782
856 Электронный адрес документа 48
q Тип электронного формата cover
u URL https://urait.ru/book/cover/A1449363-72A3-439A-BA90-D9556B6B2474
911 __
u 0030=https://urait.ru/bcode/598782
911 __
u 073a=9785534053333
u 073d=1279.00
911 __
u 106a=s
911 __
u 900l=
952 Тип литературы __
i Дисциплина Теория пластичности и ползучести
952 Тип литературы __
i Дисциплина Конструкционная прочность
952 Тип литературы __
i Дисциплина Динамика и прочность ракетных двигателей
952 Тип литературы __
i Дисциплина Прочность конструкций
952 Тип литературы __
i Дисциплина Динамика и прочность турбомашин
952 Тип литературы __
i Дисциплина Основы теории пластичности и ползучести
952 Тип литературы __
i Дисциплина Прочность конструкции
952 Тип литературы __
i Дисциплина Турбины тепловых электрических станций